| 000 | 00777cam a22002177a 4500 | ||
|---|---|---|---|
| 020 | _a9789251079737 | ||
| 020 | _a9251079730 | ||
| 040 | _cDKU | ||
| 082 | 0 | 4 | _a333 FOO 2013 A018 Or. |
| 245 | 0 | 0 | _aForests challenge badge / |
| 260 |
_a[Rome] : _bFood and Agriculture Organization of the United Nations, _c2013. |
||
| 300 |
_a149 p. : _bcol. ill., map ; _c21 cm. |
||
| 490 | 1 | _aYUNGA learning and action series | |
| 500 | _aAt head of title: Youth and United Nations Global Alliance (YUNGA) | ||
| 650 | 0 | _aForests and forestry | |
| 650 | 0 | _aForests and forestry. | |
| 710 | 2 | _aConvention on Biological Diversity (Organization) | |
| 710 | 2 | _aYouth and United Nations Global Alliance. | |
| 710 | 2 | _aFood and Agriculture Organization of the United Nations. | |
| 942 | _cEK | ||
| 999 |
_c12019 _d12019 |
||